[Event "2009 Standard Chess Dropout Tournament, Round 2"]
[Site "SchemingMind.com"]
[Date "2009.02.27"]
[Round "2"]
[White "Zerstörer"]
[Black "chesshub"]
[Result "0-1"]
[WhiteCountry "ITA"]
[BlackCountry "FRA"]
[WhiteElo "2018"]
[WhiteRD "88"]
[BlackElo "2458"]
[BlackRD "73"]
[GameID "194351"]

1. e4 e5 2. Nf3 Nc6 3. d4 exd4 4. Nxd4 Bc5 5. Nxc6 Qf6 6. Qd2 dxc6 7. Nc3 Bd4 8. Bd3 Ne7 9. O-O Ng6 10. Ne2 Bb6
11. Ng3 Ne5 12. Qc3 Bd4 13. Qd2 Bg4 14. Qg5 Qxg5 15. Bxg5 Bxb2 16. Rab1 Bd4 17. Rxb7 Bb6 18. Ba6 f6 19. Bf4 Bc8 20. Bxe5 fxe5
21. Rd1 Rf8 22. Rd2 Bxb7 23. Bxb7 Rd8 24. Bxc6+ Ke7 25. Rxd8 Bxf2+ 26. Kh1 Kxd8 27. Ne2 Rf6 28. Bb5 Rb6 29. Nc3 Bd4
0-1

[Event "2009 Standard Chess Dropout Tournament, Round 3"]
[Site "SchemingMind.com"]
[Date "2009.07.24"]
[Round "3"]
[White "Aadsje"]
[Black "bernadjm"]
[Result "1-0"]
[WhiteCountry "NED"]
[BlackCountry "ESP"]
[WhiteElo "2165"]
[WhiteRD "69"]
[BlackElo "2310"]
[BlackRD "108"]
[GameID "213441"]

1. e4 e6 2. d4 d5 3. Nc3 dxe4 4. Nxe4 Nd7 5. Nf3 Ngf6 6. Bg5 Be7 7. Nxf6+ Bxf6 8. h4 O-O 9. Bd3 c5 10. Qe2 cxd4
11. Qe4 Qa5+ 12. b4 Qf5 13. Qxf5 exf5 14. Bxf5 Re8+ 15. Kf1 a5 16. bxa5 Rxa5 17. Bxd7 Bxd7 18. Bxf6 gxf6 19. Nxd4 Ra4 20. c3 Rc8
21. Ke2 Rxc3 22. Rhd1 b5 23. Rd3 Kg7 24. Rxc3
1-0

[Event "2009 Standard Chess Dropout Tournament, Round 3"]
[Site "SchemingMind.com"]
[Date "2009.07.23"]
[Round "3"]
[White "baron1"]
[Black "remigius"]
[Result "1/2-1/2"]
[WhiteCountry "ENG"]
[BlackCountry "ESP"]
[WhiteElo "2414"]
[WhiteRD "109"]
[BlackElo "1983"]
[BlackRD "104"]
[GameID "213444"]

1. c4 e5 2. Nc3 Nf6 3. Nf3 Nc6 4. g3 Bb4 5. Bg2 O-O 6. O-O e4 7. Ng5 Bxc3 8. bxc3 Re8 9. Qc2 Qe7 10. d3 exd3
11. exd3 d6 12. Bf4 h6 13. Nf3 Be6 14. Nd4 Nxd4 15. cxd4 c6 16. h3 Qd7 17. g4 h5 18. f3 b5 19. Rab1 a6 20. Rfe1 Rac8
21. Re2 Nh7 22. Rbe1 hxg4 23. fxg4 Nf8 24. a4 Ng6 25. Bg3 d5 26. axb5 cxb5 27. c5 Ne7 28. Qc3 Nc6 29. Rb2 Qd8 30. Rf1 Ra8
31. Bf4 Qh4 32. Rbb1 Re7 33. Qa1 Rb7 34. Bd6 Qh7 35. Rf3 a5 36. Re1 Qg6 37. Rfe3 b4 38. Qa4 Rc8 39. Qb3 Nxd4 40. Qa4 Ra7
41. Be5 Bd7 42. Qd1 Nb5 43. Bxd5 Rxc5 44. Bc4 Ra8 45. Bf4 Nc3 46. Qf3 Rf8 47. Be5 Bc6 48. Qg3 Rxc4 49. dxc4 Ne4 50. Qf4 f5
51. Rf1 a4 52. Ba1 b3 53. Rd3 Ng5 54. Qe5 Be4 55. Rd7 Nf7 56. Qc3 Re8 57. Qg3 Bc6 58. Rc7 Re2 59. Rf2 Re1+ 60. Rf1 Rxf1+
61. Kxf1 fxg4 62. hxg4 Qb1+ 63. Qe1 Qd3+ 64. Kg1 Qg6 65. Kf2=
1/2-1/2

[Event "2009 Standard Chess Dropout Tournament, Round 3"]
[Site "SchemingMind.com"]
[Date "2009.07.27"]
[Round "3"]
[White "bernadjm"]
[Black "joralx3"]
[Result "1/2-1/2"]
[WhiteCountry "ESP"]
[BlackCountry "ARG"]
[WhiteElo "2310"]
[WhiteRD "108"]
[BlackElo "2498"]
[BlackRD "91"]
[GameID "213445"]

1. e4 c5 2. Nf3 Nc6 3. Bb5 g6 4. Bxc6 bxc6 5. O-O Bg7 6. Re1 e5 7. b4 cxb4 8. a3 c5 9. axb4 cxb4 10. d4 exd4
11. Bb2 Bb7 12. Bxd4 Nf6 13. Bc5 Bf8 14. Bxa7 Be7 15. Bd4 Rxa1 16. Bxa1 O-O 17. Qd4 Qc7 18. c4 Ra8 19. Nbd2 d6 20. Nb3 Ra6
21. Nfd2 Qb6 22. Nc1 Qxd4 23. Bxd4 Nh5 24. Nd3 Bg5 25. Nf3 Nf4 26. Nxb4 Ra4 27. Bc3 Bd8 28. g3 Ra3 29. gxf4 Rxc3 30. Nd2 Ra3
31. Rb1 Ba5 32. Nc2 Ra2 33. Rxb7 Rxc2 34. Nf3 Rxc4 35. Ng5 Rc7 36. Rxc7 Bxc7 37. Nf3=
1/2-1/2

[Event "2009 Standard Chess Dropout Tournament, Round 3"]
[Site "SchemingMind.com"]
[Date "2009.07.27"]
[Round "3"]
[White "Ingemar Assarsjö"]
[Black "chesshub"]
[Result "0-1"]
[WhiteCountry "SWE"]
[BlackCountry "FRA"]
[WhiteElo "1877"]
[WhiteRD "112"]
[BlackElo "2506"]
[BlackRD "68"]
[GameID "213446"]

1. e4 e5 2. Nf3 Nc6 3. Bc4 Bc5 4. b4 Bxb4 5. c3 Ba5 6. d4 exd4 7. O-O Nge7 8. Ng5 d5 9. exd5 Ne5 10. Bb3 O-O
11. Nxh7 Kxh7 12. Qh5+ Kg8 13. Qxe5 Nf5 14. Re1 Bd7 15. Bd2 Re8 16. Qf4 Rxe1+ 17. Bxe1 Qe7 18. Bd2 Re8 19. h3 d3 20. a4 Qe2
21. Na3 Re4 22. Qg5 Bb6 23. Rf1 f6 24. Qg6 Qxd2 25. d6+ Kh8 26. Qf7 Nh6 27. Qxd7 Re1 28. dxc7 Rxf1+
0-1

[Event "2009 Standard Chess Dropout Tournament, Round 3"]
[Site "SchemingMind.com"]
[Date "2009.07.27"]
[Round "3"]
[White "Brennan Price"]
[Black "Ilang"]
[Result "0-1"]
[WhiteCountry "USA"]
[BlackCountry "HUN"]
[WhiteElo "2144"]
[WhiteRD "96"]
[BlackElo "2430"]
[BlackRD "96"]
[GameID "213447"]

1. e4 e5 2. Nf3 Nc6 3. d4 exd4 4. Nxd4 Nf6 5. Nxc6 bxc6 6. e5 Qe7 7. Qe2 Nd5 8. c4 Nb6 9. Nd2 Ba6 10. b3 Qb4
11. a3 Qc3 12. Rb1 Qd4 13. Bb2 Qf4 14. g3 Qf5 15. Bg2 Be7 16. O-O O-O 17. Be4 Qg5 18. f4 Qh6 19. Nf3 Qh5 20. Qd2 Bb7
21. Nd4 Bc5 22. Bf3 Qh3 23. Qa5 d6 24. Rfe1 Rfe8 25. Rbd1 h5 26. Be4 h4 27. Re3 hxg3 28. hxg3 Re6 29. Rd2 Rh6 30. Bg2 Qh2+
31. Kf1 Bxd4 32. Bxd4 Bc8 33. exd6 Bh3 34. Bxh3 Qxh3+ 35. Ke2 Qh1 36. Re7= cxd6 37. Bxb6 c5 38. Bc7 Rh2+ 39. Kd3 Qb1+
0-1

[Event "2009 Standard Chess Dropout Tournament, Round 3"]
[Site "SchemingMind.com"]
[Date "2009.07.23"]
[Round "3"]
[White "bull mccabe"]
[Black "montinskij"]
[Result "0-1"]
[WhiteCountry "IRL"]
[BlackCountry "USA"]
[WhiteElo "1701"]
[WhiteRD "92"]
[BlackElo "2053"]
[BlackRD "132"]
[GameID "213448"]

1. e4 e6 2. d4 d5 3. Nd2 c5 4. exd5 Qxd5 5. Ngf3 cxd4 6. Bc4 Qd6 7. O-O Nf6 8. Nb3 Nc6 9. Nbxd4 Nxd4 10. Nxd4 a6
11. Re1 Qc7 12. Qe2 Bd7 13. Bg5 O-O-O 14. Bxf6 gxf6 15. Rad1 Kb8 16. c3 Bd6 17. g3 h5 18. Bb3 h4 19. Rd3 f5
0-1

[Event "2009 Standard Chess Dropout Tournament, Round 3"]
[Site "SchemingMind.com"]
[Date "2009.07.27"]
[Round "3"]
[White "C. H. O'D. Schlechter"]
[Black "John Elburg"]
[Result "1/2-1/2"]
[WhiteCountry "USA"]
[BlackCountry "NED"]
[WhiteElo "2429"]
[WhiteRD "82"]
[BlackElo "2416"]
[BlackRD "99"]
[GameID "213449"]

1. d4 Nf6 2. c4 g6 3. Nc3 Bg7 4. e4 d6 5. Nf3 O-O 6. Be2 e5 7. O-O Nc6 8. d5 Ne7 9. b4 Nh5 10. Re1 f5
11. Ng5 Nf6 12. Bf3 c6 13. Bb2 h6 14. Ne6 Bxe6 15. dxe6 fxe4 16. Nxe4 Nxe4 17. Rxe4 d5 18. cxd5 cxd5 19. Rxe5 Bxe5 20. Bxe5 Qb6
21. Bb2 Qxb4 22. Rb1 Rac8 23. Bg7 Qxb1 24. Qxb1 Kxg7 25. h4 b6 26. Qb2+ Rf6 27. g4 g5 28. Bg2 Ng6 29. hxg5 hxg5 30. Bxd5 Nf4
31. Qe5 Rc1+ 32. Kh2 Ng6 33. Qd4 Rc2 34. Be4 Rxf2+ 35. Kg3 Kh6 36. Bf5 R2xf5 37. gxf5 Rxf5 38. Qe4 Rf4 39. Qh1+ Rh4 40. Qb7 Ra4
41. e7 Ra3+ 42. Kf2 Rxa2+ 43. Ke3 Ra1 44. Kd2 Ra2+ 45. Kd3 Ra3+ 46. Ke4 Ra4+ 47. Kf5 Rf4+ 48. Ke6 Nxe7 49. Kxe7 g4=
1/2-1/2

[Event "2009 Standard Chess Dropout Tournament, Round 3"]
[Site "SchemingMind.com"]
[Date "2009.07.22"]
[Round "3"]
[White "capablanca"]
[Black "marble"]
[Result "1-0"]
[WhiteCountry "GER"]
[BlackCountry "ENG"]
[WhiteElo "1629"]
[WhiteRD "57"]
[BlackElo "1873"]
[BlackRD "66"]
[GameID "213450"]

1. e4 c5 2. c3 g6 3. d4 cxd4 4. cxd4 Bg7 5. Nf3 d6 6. Bc4 Nf6 7. Nc3 O-O 8. O-O Bg4 9. Qd3 Nc6 10. d5 Bxf3
11. Qxf3 Ne5 12. Qe2 a6 13. Bb3 b5 14. a3 Rc8 15. Bd2 Nfd7 16. Nd1 Nc5 17. Bc2 Ncd7 18. Rc1 Nc4 19. Bc3 Nde5 20. f4 Qb6+
21. Kh1 Nd7 22. Bxg7 Kxg7 23. Bb3 Na5 24. Rxc8 Rxc8 25. Ba2 b4 26. axb4 Nb7 27. Bc4 Nb8 28. b5 Na5 29. Bd3 axb5 30. Bxb5 Nb3
31. Nc3 Nd4 32. Qd3 Nxb5 33. Nxb5 Rc5 34. Qd4+ f6 35. Na3 Qa6 36. Rd1 e5 37. dxe6 Qc8 38. Qxd6 Rc1 39. f5 Na6 40. h3 Rxd1+
41. Qxd1 Qb7 42. Qd7+ Qxd7 43. exd7
1-0

[Event "2009 Standard Chess Dropout Tournament, Round 3"]
[Site "SchemingMind.com"]
[Date "2009.07.25"]
[Round "3"]
[White "John M. Sargent"]
[Black "startstek"]
[Result "1-0"]
[WhiteCountry "ENG"]
[BlackCountry "ALG"]
[WhiteElo "2352"]
[WhiteRD "102"]
[BlackElo "1901"]
[BlackRD "86"]
[GameID "213451"]

1. e4 e5 2. Nf3 Nc6 3. Bb5 a6 4. Ba4 Nf6 5. O-O Be7 6. Re1 b5 7. Bb3 d6 8. d3 O-O 9. a4 Bb7 10. Nc3 Na5
11. Bd5 Bxd5 12. Nxd5 Nxd5 13. exd5 b4 14. d4 exd4 15. Nxd4 Bf6 16. Qd3 c5 17. dxc6 Bxd4 18. Qxd4 Nxc6 19. Qd5 Qc7 20. Bf4 Ne5
21. Rac1 Rfe8 22. Re4 a5 23. c4 Qc6 24. Rxe5
1-0

[Event "2009 Standard Chess Dropout Tournament, Round 3"]
[Site "SchemingMind.com"]
[Date "2009.07.27"]
[Round "3"]
[White "chesshub"]
[Black "thebirdolux"]
[Result "1-0"]
[WhiteCountry "FRA"]
[BlackCountry "USA"]
[WhiteElo "2482"]
[WhiteRD "70"]
[BlackElo "2415"]
[BlackRD "70"]
[GameID "213453"]

1. c4 e6 2. Nc3 d5 3. d4 c6 4. e4 dxe4 5. Nxe4 Bb4+ 6. Bd2 Qxd4 7. Bxb4 Qxe4+ 8. Be2 Qxg2 9. Bf3 Qg5 10. Ne2 Nd7
11. Rg1 Qh6 12. Ng3 a5 13. Bd2 Qh3 14. Ne4 Ngf6 15. Nd6+ Kf8 16. Rg3 Qxh2 17. Bf4 h6 18. Qd2 e5 19. Nf5
1-0

[Event "2009 Standard Chess Dropout Tournament, Round 3"]
[Site "SchemingMind.com"]
[Date "2009.07.23"]
[Round "3"]
[White "CuriousShadow"]
[Black "willygor"]
[Result "1-0"]
[WhiteCountry "USA"]
[BlackCountry "ARG"]
[WhiteElo "2103"]
[WhiteRD "155"]
[BlackElo "1671"]
[BlackRD "92"]
[GameID "213454"]

1. d4 Nf6 2. c4 e6 3. Nc3 Bb4 4. Bf4 Bxc3+ 5. bxc3 d6 6. Nf3 Nbd7 7. e3 O-O 8. Be2 Nh5 9. Bg3 Nxg3 10. hxg3 Nf6
11. Qc2 b6 12. g4 g6 13. g5 Ne8 14. O-O-O Bb7 15. d5 Ng7 16. Rh2 exd5 17. cxd5 Bc8 18. Rdh1 Nh5 19. Rxh5 gxh5 20. Rxh5 f5
21. gxf6 Rxf6 22. Qxh7+ Kf8 23. Qh8+ Ke7 24. Rh7+
1-0

[Event "2009 Standard Chess Dropout Tournament, Round 3"]
[Site "SchemingMind.com"]
[Date "2009.07.27"]
[Round "3"]
[White "Danzino"]
[Black "wilfried"]
[Result "0-1"]
[WhiteCountry "GBR"]
[BlackCountry "GER"]
[WhiteElo "2074"]
[WhiteRD "102"]
[BlackElo "2436"]
[BlackRD "109"]
[GameID "213455"]

1. e4 c5 2. Nf3 Nc6 3. d4 cxd4 4. Nxd4 Nf6 5. Nc3 e6 6. Nxc6 bxc6 7. e5 Nd5 8. Ne4 Qa5+ 9. c3 Qc7 10. f4 Qb6
11. c4 Ne3 12. Qd3 Nf5 13. g4 Nh4 14. b3 h5 15. g5 a5 16. Be3 c5 17. Bf2 Ng6 18. Qd2 Qb4 19. O-O-O Qa3+ 20. Qb2 Qxb2+
21. Kxb2 Bb7 22. Bd3 Nxf4 23. Bb1 Ng6 24. Rhe1 Nxe5 25. Bxc5 Bxe4 26. Bxe4 Nxc4+ 27. Ka1 Bxc5 28. Bxa8 Ne3 29. Rc1 Bd4+ 30. Kb1 Ke7
31. Bf3 f5 32. gxf6+ gxf6 33. Rg1 f5 34. a4 h4 35. Ka2 Kf6 36. h3 e5 37. Be2 e4 38. b4 axb4 39. Kb3 f4 40. Bb5 f3
41. Bxd7 f2 42. Rh1 Ke5 43. Kxb4 Nd5+ 44. Ka3 Rb8 45. Bb5 e3 46. Rc2 Nc3
0-1

[Event "2009 Standard Chess Dropout Tournament, Round 3"]
[Site "SchemingMind.com"]
[Date "2009.07.27"]
[Round "3"]
[White "desmondw"]
[Black "Patjanka"]
[Result "0-1"]
[WhiteCountry "IRL"]
[BlackCountry "DEN"]
[WhiteElo "1814"]
[WhiteRD "82"]
[BlackElo "2246"]
[BlackRD "79"]
[GameID "213456"]

1. e4 e5 2. Nf3 Nc6 3. Nc3 Nf6 4. Bb5 Nd4 5. Nxd4 exd4 6. Ne2 Nxe4 7. O-O Bc5 8. d3 Nd6 9. a4 c6 10. Bc4 O-O
11. Ng3 Nxc4 12. dxc4 d5 13. cxd5 Qxd5 14. Qd3 Re8 15. Bd2 Bd7 16. Rfe1 Bd6
0-1

[Event "2009 Standard Chess Dropout Tournament, Round 3"]
[Site "SchemingMind.com"]
[Date "2009.07.27"]
[Round "3"]
[White "Faloan"]
[Black "Ollowain"]
[Result "1-0"]
[WhiteCountry "GER"]
[BlackCountry "GER"]
[WhiteElo "2212"]
[WhiteRD "95"]
[BlackElo "2140"]
[BlackRD "86"]
[GameID "213458"]

1. d4 Nf6 2. c4 e6 3. g3 d5 4. Nf3 dxc4 5. Bg2 Nc6 6. Qa4 Bb4+ 7. Bd2 Nd5 8. Bxb4 Nxb4 9. O-O Rb8 10. Na3 O-O
11. Qb5 b6 12. Qxc4 Ba6 13. Nb5 Qd5 14. Qxd5 exd5 15. Nc3 Rfe8 16. Rac1 Ne7 17. a3 Nbc6 18. Rfe1 Na5 19. Nd2 c6 20. e3 Rbd8
21. Na2 Nf5 22. Nb4 Bb7 23. Nd3 Ba6 24. Bf1 Nd6 25. b4 Nac4 26. Nxc4 Nxc4 27. Nb2 b5 28. Nd3 Bc8 29. Nc5
1-0

[Event "2009 Standard Chess Dropout Tournament, Round 3"]
[Site "SchemingMind.com"]
[Date "2009.07.22"]
[Round "3"]
[White "Fiesty 50"]
[Black "saxon"]
[Result "1/2-1/2"]
[WhiteCountry "ENG"]
[BlackCountry "GER"]
[WhiteElo "2274"]
[WhiteRD "90"]
[BlackElo "2397"]
[BlackRD "103"]
[GameID "213459"]

1. e4 c5 2. Nf3 e6 3. d4 cxd4 4. Nxd4 Nc6 5. Nc3 Qc7 6. Be3 a6 7. Qd2 Nf6 8. O-O-O Bb4 9. f3 O-O 10. g4 b5
11. g5 Ne8 12. a3 Be7 13. Nf5 Bxa3 14. bxa3 exf5 15. Nd5 Qe5 16. Kb1 fxe4 17. fxe4 d6 18. Bf4 Qe6 19. h4 b4 20. axb4 Rb8
21. Rh3 Kh8 22. h5 Nxb4 23. Rb3 a5 24. Re1 Qd7 25. h6 Qc6 26. Nxb4 Rxb4 27. hxg7+ Kxg7 28. Rxb4 axb4 29. Qxb4 Qb7 30. Qxb7 Bxb7
31. e5=
1/2-1/2

[Event "2009 Standard Chess Dropout Tournament, Round 3"]
[Site "SchemingMind.com"]
[Date "2009.07.27"]
[Round "3"]
[White "GBEDARD"]
[Black "Sebastian Strauchler"]
[Result "1-0"]
[WhiteCountry "USA"]
[BlackCountry "ARG"]
[WhiteElo "2133"]
[WhiteRD "85"]
[BlackElo "2127"]
[BlackRD "116"]
[GameID "213460"]

1. e4 c5 2. Nf3 Nc6 3. d4 cxd4 4. Nxd4 g6 5. c4 Bg7 6. Be3 Nf6 7. Nc3 O-O 8. Be2 d6 9. O-O Bd7 10. Qd2 Nxd4
11. Bxd4 Bc6 12. f3 a5 13. Rad1 a4 14. Nd5 Nd7 15. Qe3 f5 16. exf5 Bxd5 17. Bxg7 Kxg7 18. Rxd5 gxf5 19. Rfd1 Qe8 20. Bd3 Ne5
21. Rxe5 dxe5 22. Qxe5+ Rf6 23. Bxf5 Rd8 24. Re1 Kh8 25. Be4 Qf7 26. Bd5 Qg7 27. Re2 Rd7 28. f4 Rf8 29. g3 Qxe5 30. Rxe5 Rfd8
31. Re2 b5 32. b3 axb3 33. axb3 Ra7 34. Kg2 Kg7 35. Kf3 bxc4 36. bxc4 Rd6 37. Re5 Rc7 38. g4 h6 39. g5 Ra6 40. Kg4 Kg6
41. f5+ Kg7 42. h4 Rb6 43. Re3 Ra7 44. Re1 hxg5 45. hxg5 Rb2 46. Re6 Rd2 47. Rg6+ Kh7 48. Rc6 Ra4 49. Be4 Rd4 50. Re6 Rdxc4
51. Rxe7+ Kg8 52. Kf4 Kf8 53. f6 Ra1 54. Kf5 Rf1+ 55. Kg6 Rc5 56. Rb7 Ke8 57. Kh6 Rf4 58. Bg6+ Kd8 59. f7
1-0

[Event "2009 Standard Chess Dropout Tournament, Round 3"]
[Site "SchemingMind.com"]
[Date "2009.07.27"]
[Round "3"]
[White "Girkassa"]
[Black "Thomas Meehan"]
[Result "1-0"]
[WhiteCountry "NOR"]
[BlackCountry "ENG"]
[WhiteElo "2249"]
[WhiteRD "87"]
[BlackElo "1606"]
[BlackRD "105"]
[GameID "213461"]

1. d4 Nf6 2. c4 e6 3. Nf3 Bb4+ 4. Nbd2 O-O 5. a3 Bxd2+ 6. Bxd2 b6 7. g3 Bb7 8. Bg2 h6 9. O-O d6 10. b4 Nbd7
11. c5 e5 12. Qa4 e4 13. c6 exf3 14. Bxf3 Rb8 15. cxb7 g5 16. Rac1 c5 17. dxc5 bxc5 18. Qxa7 Qb6 19. Qxb6 Nxb6 20. bxc5 Nbd5
21. c6 g4 22. Bg2 Rfe8 23. Ba5 Ne4 24. Rfd1 Nef6 25. Rxd5 Nxd5 26. Bxd5 Re5 27. c7 Rbe8 28. c8=Q Kf8 29. b8=Q Rxe2 30. Qxd6+ Re7
31. Qxh6+ Kg8 32. Qxg4#
1-0

[Event "2009 Standard Chess Dropout Tournament, Round 3"]
[Site "SchemingMind.com"]
[Date "2009.07.27"]
[Round "3"]
[White "Han Solo"]
[Black "Arno Aartsen"]
[Result "1-0"]
[WhiteCountry "HUN"]
[BlackCountry "NED"]
[WhiteElo "2080"]
[WhiteRD "83"]
[BlackElo "1605"]
[BlackRD "112"]
[GameID "213462"]

1. e4 e5 2. Nf3 Nc6 3. d4 Nxd4 4. Nxd4 exd4 5. Qxd4 Qe7 6. Nc3 d6 7. Bc4 Be6 8. Bf4 c5 9. Bb5+ Bd7 10. Qd3 a6
11. Bxd7+ Qxd7 12. Nd5 Qc6 13. O-O Ne7 14. Rfe1 O-O-O 15. Rad1 Nxd5 16. exd5 Qd7 17. b4 b5 18. bxc5 dxc5 19. a4 c4 20. Qd4 Kb7
21. axb5 axb5 22. Ra1 Ra8 23. Rxa8 Kxa8 24. Ra1+ Kb7 25. Qa7+ Kc8 26. Qb8#
1-0

[Event "2009 Standard Chess Dropout Tournament, Round 3"]
[Site "SchemingMind.com"]
[Date "2009.07.25"]
[Round "3"]
[White "Ilang"]
[Black "Theodoric"]
[Result "1-0"]
[WhiteCountry "HUN"]
[BlackCountry "ENG"]
[WhiteElo "2410"]
[WhiteRD "95"]
[BlackElo "1967"]
[BlackRD "68"]
[GameID "213463"]

1. e4 e6 2. d4 d5 3. Nc3 Bb4 4. e5 Bxc3+ 5. bxc3 Ne7 6. a3 Nf5 7. Bd3 Bd7 8. Rb1 Bc8 9. Qh5 c5 10. Nf3 Nc6
11. O-O g6 12. Qh3 h5 13. dxc5 Qa5 14. c4 dxc4 15. Bxf5 gxf5 16. Qh4 Qxc5 17. Rd1 b6 18. Rd6 Bb7 19. Be3 Qxa3 20. Qf6 Rf8
21. Bh6 Qa2 22. Rbd1
1-0

[Event "2009 Standard Chess Dropout Tournament, Round 3"]
[Site "SchemingMind.com"]
[Date "2009.07.27"]
[Round "3"]
[White "Sebastian Strauchler"]
[Black "Han Solo"]
[Result "1-0"]
[WhiteCountry "ARG"]
[BlackCountry "HUN"]
[WhiteElo "2173"]
[WhiteRD "108"]
[BlackElo "2079"]
[BlackRD "88"]
[GameID "213464"]

1. e4 c5 2. Nf3 Nc6 3. c3 Nf6 4. e5 Nd5 5. d4 cxd4 6. Bc4 Nb6 7. Bb3 d5 8. exd6 Qxd6 9. O-O Be6 10. Na3 dxc3
11. Qe2 Bxb3 12. Nb5 Qb8 13. axb3 e5 14. Nbd4 Nxd4 15. Nxd4 f6 16. bxc3 Kf7 17. Nb5 a6 18. Be3 axb5 19. Bxb6 Rxa1 20. Rxa1 Qe8
21. Ra5 b4 22. c4 Qc6 23. c5 Qd5 24. Ra8 Qxb3 25. h4 Qc3 26. Qd1 b3 27. h5 Qc4 28. Qd7+ Kg8 29. Bc7 Qc1+= 30. Kh2 Qf4+
31. Kh3 g5 32. Ra4 g4+ 33. Qxg4+ Qxg4+ 34. Rxg4+ Kf7 35. Bb6 Be7 36. Rb4 Ra8 37. Rxb3 Ke6 38. Rg3 Ra1 39. Kh2 Ra4 40. Rg8 Rh4+
41. Kg3 Rxh5 42. Rb8 Rh1 43. Rxb7 Rc1 44. Rc7
1-0

[Event "2009 Standard Chess Dropout Tournament, Round 3"]
[Site "SchemingMind.com"]
[Date "2009.07.27"]
[Round "3"]
[White "joralx3"]
[Black "pjl1015"]
[Result "1-0"]
[WhiteCountry "ARG"]
[BlackCountry "USA"]
[WhiteElo "2498"]
[WhiteRD "91"]
[BlackElo "2381"]
[BlackRD "106"]
[GameID "213465"]

1. e4 g6 2. d4 Bg7 3. Nc3 d6 4. f4 a6 5. Nf3 b5 6. Bd3 Nd7 7. e5 c5 8. Be3 Bb7 9. Be4 Bxe4 10. Nxe4 Nh6
11. dxc5 Ng4 12. Qe2 dxe5 13. O-O-O Qc7 14. fxe5 Ndxe5 15. Bd4 O-O 16. h3 Nh6 17. Bxe5 Bxe5 18. g4 Bg7 19. Kb1 Rad8 20. Rxd8 Rxd8
21. Re1 f6 22. a4 bxa4 23. Qxa6 Rb8 24. c6 f5 25. Qc4+ Kh8 26. Nc3 a3 27. Nb5 a2+ 28. Ka1 Qa5 29. Nbd4 e5 30. Nb3 Qc7
31. Rd1 e4 32. Rd7 Qb6 33. Nfd4 fxg4 34. hxg4 e3 35. c7
1-0

[Event "2009 Standard Chess Dropout Tournament, Round 3"]
[Site "SchemingMind.com"]
[Date "2009.07.23"]
[Round "3"]
[White "KaliYuga"]
[Black "Ryan"]
[Result "0-1"]
[WhiteCountry "IRL"]
[BlackCountry "NED"]
[WhiteElo "1944"]
[WhiteRD "82"]
[BlackElo "2063"]
[BlackRD "112"]
[GameID "213466"]

1. d4 d5 2. c4 c6 3. Nc3 Nf6 4. Nf3 e6 5. e3 a6 6. b3 Bb4 7. Bd2 O-O 8. Qc2 Nbd7 9. Bd3 Re8 10. O-O e5
11. dxe5 dxc4 12. bxc4 Nxe5 13. Nxe5 Rxe5 14. a3 Ba5 15. f4 Re8 16. e4 Qd4+ 17. Kh1 Ng4 18. Be1 Ne3 19. Qd2 Nxf1 20. Bxf1 Bxc3
21. Qxd4 Bxd4 22. Rd1 c5 23. Bd3 Bd7
0-1

[Event "2009 Standard Chess Dropout Tournament, Round 3"]
[Site "SchemingMind.com"]
[Date "2009.07.23"]
[Round "3"]
[White "John Elburg"]
[Black "Robert Pallett"]
[Result "1/2-1/2"]
[WhiteCountry "NED"]
[BlackCountry "ENG"]
[WhiteElo "2371"]
[WhiteRD "111"]
[BlackElo "2289"]
[BlackRD "84"]
[GameID "213467"]

1. e4 c5 2. Nf3 Nc6 3. d4 cxd4 4. Nxd4 Nf6 5. Nc3 e5 6. Ndb5 d6 7. Bg5 a6 8. Na3 b5 9. Bxf6 gxf6 10. Nd5 f5
11. c3 Bg7 12. exf5 Bxf5 13. Nc2 O-O 14. Nce3 Be6 15. g3 f5 16. Bg2 f4 17. Nc2 Rc8 18. Be4 Ne7 19. Qh5 h6 20. Ncb4 Rc4
21. f3 Nxd5 22. Nxd5 Rxe4+ 23. fxe4 Bxd5 24. exd5 Qb6 25. Qe2 b4 26. c4 e4 27. O-O-O b3 28. axb3 Qxb3 29. gxf4 Rc8 30. Rdg1 Rxc4+
31. Kb1 Ra4 32. Rxg7+ Kxg7 33. Qg4+ Kh8 34. Qc8+=
1/2-1/2

[Event "2009 Standard Chess Dropout Tournament, Round 3"]
[Site "SchemingMind.com"]
[Date "2009.07.22"]
[Round "3"]
[White "MARISCAL"]
[Black "Tyler"]
[Result "1/2-1/2"]
[WhiteCountry "ESP"]
[BlackCountry "SUI"]
[WhiteElo "2281"]
[WhiteRD "106"]
[BlackElo "2222"]
[BlackRD "126"]
[GameID "213470"]

1. e4 c5 2. c3 d5 3. exd5 Qxd5 4. d4 e6 5. Na3 Bd7 6. Nb5 Bxb5 7. Bxb5+ Nc6 8. Nf3 cxd4 9. Qa4 dxc3 10. O-O a6
11. Nd4 Ne7 12. bxc3 Rc8 13. Rd1 Qh5 14. Be2 Qa5 15. Qb3 Nd8 16. Bd2 Nf5 17. Nxf5 Qxf5 18. Be3 Bc5 19. Bd3 Qe5 20. Bd4 Bxd4
21. cxd4 Qd6 22. Be4 g6 23. Rab1 O-O 24. a4 Re8 25. d5 e5 26. a5 f5 27. Bf3 Re7 28. Qa2 e4 29. Be2 Rd7 30. Rb6 Qe5
31. Qa4 Rd6 32. Rxd6 Qxd6 33. g4 Rc3 34. gxf5 gxf5 35. Kh1 Rh3 36. Qe8+ Kg7 37. Rg1+ Kf6 38. Qh8+ Ke7 39. Rg2 Kd7 40. Qg7+ Kc8
41. Qg5 Qxd5 42. Bg4 Rd3 43. Bxf5+ Kb8 44. Qf4+ Ka8 45. Qxe4 Rd1+ 46. Rg1 h6 47. Qxd5 Rxd5 48. Be4 Rxa5 49. Rg6 Ka7 50. Rd6 Re5
51. Bd5 Nc6 52. Bxc6= bxc6 53. Rxc6 a5 54. f4 Rf5 55. Rxh6 a4 56. Kg2 a3 57. Rc6 Rxf4 58. Kg3 Ra4 59. Rc1 a2 60. Ra1 Kb6
61. h4 Kb5 62. h5 Kb4 63. Kf4 Kc3+ 64. Kg5 Ra8 65. h6 Kb2 66. Rxa2+ Kxa2=
1/2-1/2

[Event "2009 Standard Chess Dropout Tournament, Round 3"]
[Site "SchemingMind.com"]
[Date "2009.07.27"]
[Round "3"]
[White "Mel-o-rama"]
[Black "Pedro666"]
[Result "0-1"]
[WhiteCountry "USA"]
[BlackCountry "POL"]
[WhiteElo "1755"]
[WhiteRD "92"]
[BlackElo "2098"]
[BlackRD "101"]
[GameID "213471"]

1. b3 Nf6 2. Bb2 g6 3. Nf3 Bg7 4. e3 O-O 5. Be2 d6 6. d4 c6 7. O-O b5 8. Nbd2 Nbd7 9. c4 bxc4 10. bxc4 Rb8
11. Qc2 Qc7 12. c5 Nd5 13. Ba3 dxc5 14. Bxc5 Re8 15. Rab1 e5 16. Rxb8 Qxb8 17. Rb1 Qc7 18. Ne4 Nxc5 19. Nxc5 exd4 20. Nxd4 Bxd4
21. exd4 Bf5 22. Bd3 Nb4 23. Qd2 Nxd3 24. Nxd3 Rd8 25. Rb4 Bxd3 26. Qxd3 Qa5 27. Qb1 c5 28. Rb8 cxd4 29. Rxd8+ Qxd8 30. f4 d3
31. Qd1 Qd4+
0-1

[Event "2009 Standard Chess Dropout Tournament, Round 3"]
[Site "SchemingMind.com"]
[Date "2009.07.27"]
[Round "3"]
[White "MichaelDV"]
[Black "Ingemar Assarsjö"]
[Result "1-0"]
[WhiteCountry "SWE"]
[BlackCountry "SWE"]
[WhiteElo "2409"]
[WhiteRD "71"]
[BlackElo "1939"]
[BlackRD "130"]
[GameID "213472"]

1. d4 Nf6 2. Nf3 d5 3. c4 dxc4 4. e3 b5 5. a4 c6 6. axb5 cxb5 7. b3 cxb3 8. Bxb5+ Bd7 9. Qxb3 e6 10. O-O Bd6
11. Ba3 a6 12. Bxd7+ Qxd7 13. Ne5 Bxe5 14. dxe5 Nd5 15. Nc3 Nxc3 16. Qxc3 Qc6 17. Qb4 Qc7 18. Rac1 Qd7 19. Rc8+
1-0